000 00659nam a2200217 i 4500
001 90350
003 ES-MaACL
005 20240322170305.0
007 t|
008 050120s1956 sp ||||1| spa d
100 1 _aLe Boterf, Hervé.
_970839
245 1 3 _aEl renegado /
_cHervé Le Boterf ; [traducción del francés por Matilde de Rafael].
250 _a[1ª ed.].
260 _a[Barcelona] :
_bJosé Janés,
_c1956 (
_fC. Puig)
300 _a215 p. ;
_c20 cm.
490 1 _aclub de los lectores
700 1 _aRafael, Matilde de.
_994951
830 0 _aClub de los lectores
_9181243
852 _aES-MaACL
_jC-11026
_bR.3909
999 _c90350
_d90350